Normal view
MARC view
- Number theory
Entry Topical Term
001 - CONTROL NUMBER
- control field: 3760
003 - CONTROL NUMBER IDENTIFIER
- control field: JO-AjAnu
005 - DATE AND TIME OF LATEST TRANSACTION
- control field: 20230606070923.0
008 - FIXED-LENGTH DATA ELEMENTS
- fixed length control field: 230606|| aca||aabn | a|a d
040 ## - CATALOGING SOURCE
- Original cataloging agency: JO-AjAnu
- Transcribing agency: JO-AjAnu
150 ## - HEADING--TOPICAL TERM
- Topical term or geographic name entry element: Number theory
670 ## - SOURCE DATA FOUND
- Source citation: Work cat.: (JO-AjAnu)1962: Datta.Biswa Nath, author 3759, Numerical Linear Algebra and Applications